000 00720nam a2200253Ia 4500
003 OSt
005 20220926014000.0
006 a|||||r|||| 00| 0
007 ta
008 220923b |||||||| |||| 00| 0 eng d
020 _a047101611X
037 _cGeneral Book
040 _aRTL
_cRTL
_beng
041 _2eng
_aeng
082 _aX:86, L7/TD3
100 _aClifton D
_9319428
245 0 _aProject Feasibility analysis
_b A guide to profitable new ventures
260 _aNew York
_bJohn Wiley USA
_c1977
300 _axi,340p.
_ccm.
500 _aBibliography chapterwise
650 _aTop Management
942 _hX:86, L7/TD3
_cGB
_2CC
999 _c627379
_d627379